<?xml version="1.0" encoding="UTF-8"?>
<record
    xmlns:xsi="http://www.w3.org/2001/XMLSchema-instance"
    xsi:schemaLocation="http://www.loc.gov/MARC21/slim http://www.loc.gov/standards/marcxml/schema/MARC21slim.xsd"
    xmlns="http://www.loc.gov/MARC21/slim">

  <leader>01344nam a22002537a 4500</leader>
  <datafield tag="952" ind1=" " ind2=" ">
    <subfield code="0">0</subfield>
    <subfield code="1">0</subfield>
    <subfield code="2">lcc</subfield>
    <subfield code="4">0</subfield>
    <subfield code="7">0</subfield>
    <subfield code="a">04</subfield>
    <subfield code="b">04</subfield>
    <subfield code="d">2015-05-25</subfield>
    <subfield code="l">22</subfield>
    <subfield code="m">4</subfield>
    <subfield code="o">HD1387 A58</subfield>
    <subfield code="p">04 003941</subfield>
    <subfield code="r">2020-02-01</subfield>
    <subfield code="s">2020-01-31</subfield>
    <subfield code="t">1</subfield>
    <subfield code="w">2015-05-25</subfield>
    <subfield code="y">LB</subfield>
  </datafield>
  <datafield tag="952" ind1=" " ind2=" ">
    <subfield code="0">0</subfield>
    <subfield code="1">0</subfield>
    <subfield code="2">ddc</subfield>
    <subfield code="4">0</subfield>
    <subfield code="7">0</subfield>
    <subfield code="a">01</subfield>
    <subfield code="b">01</subfield>
    <subfield code="d">2015-06-19</subfield>
    <subfield code="l">1</subfield>
    <subfield code="o">333.332 A89a 2013</subfield>
    <subfield code="p">01 003282</subfield>
    <subfield code="r">2015-09-29</subfield>
    <subfield code="s">2015-09-29</subfield>
    <subfield code="t">1</subfield>
    <subfield code="w">2015-06-19</subfield>
    <subfield code="y">LB</subfield>
  </datafield>
  <datafield tag="999" ind1=" " ind2=" ">
    <subfield code="c">96588</subfield>
    <subfield code="d">96588</subfield>
  </datafield>
  <controlfield tag="005">20231102151820.0</controlfield>
  <controlfield tag="008">150525t2013    mx a   | |||| 000 0 spa d</controlfield>
  <datafield tag="020" ind1=" " ind2=" ">
    <subfield code="a">9789681865932</subfield>
  </datafield>
  <datafield tag="050" ind1="1" ind2="4">
    <subfield code="a">HD1387</subfield>
    <subfield code="b">A58</subfield>
  </datafield>
  <datafield tag="082" ind1=" " ind2=" ">
    <subfield code="a">333.332 A89a 2013</subfield>
  </datafield>
  <datafield tag="100" ind1="1" ind2=" ">
    <subfield code="a">Antu&#xF1;ano Iturbide, Antonio.</subfield>
    <subfield code="e">autor</subfield>
  </datafield>
  <datafield tag="245" ind1="1" ind2="3">
    <subfield code="a">El aval&#xFA;o de los bienes ra&#xED;ces</subfield>
    <subfield code="c">/ Antonio Antu&#xF1;ano Iturbide.</subfield>
  </datafield>
  <datafield tag="260" ind1="3" ind2=" ">
    <subfield code="a">M&#xE9;xico</subfield>
    <subfield code="b">: Limusa</subfield>
    <subfield code="c">, 2013</subfield>
  </datafield>
  <datafield tag="300" ind1=" " ind2=" ">
    <subfield code="a">135 p&#xE1;ginas</subfield>
    <subfield code="c">; 23 cm</subfield>
    <subfield code="b">: ilustraciones, diagramas</subfield>
  </datafield>
  <datafield tag="500" ind1=" " ind2=" ">
    <subfield code="a">
</subfield>
  </datafield>
  <datafield tag="500" ind1=" " ind2=" ">
    <subfield code="a">Incluye ap&#xE9;ndice p. 123-135</subfield>
  </datafield>
  <datafield tag="505" ind1="1" ind2=" ">
    <subfield code="a">El proceso de la valuaci&#xF3;n.
Elecci&#xF3;n del m&#xE9;todo para la estimaci&#xF3;n de valor.
Costo, valor y precio.
Depreciaci&#xF3;n.
Valor de mercado.
An&#xE1;lisis del costo de construcci&#xF3;n
Obtenci&#xF3;n del valor por el costo.
El valor de capitalizaci&#xF3;n.
Correlaci&#xF3;n de los tres valores y estimado final de valor.
El equipo para la valuaci&#xF3;n.
La formulaci&#xF3;n del aval&#xFA;o.
El aval&#xFA;o de lotes urbanos.
Valor de un terreno seg&#xFA;n su superficie o valor de "lotaje".</subfield>
  </datafield>
  <datafield tag="519" ind1=" " ind2=" ">
    <subfield code="a">Educaci&#xF3;n Mixta /
</subfield>
    <subfield code="b">Criminal&#xED;stica  /</subfield>
    <subfield code="c"> Valuaci&#xF3;n de bienes inmuebles (B12 -3) /</subfield>
    <subfield code="d">(04 003941)</subfield>
  </datafield>
  <datafield tag="650" ind1="1" ind2="4">
    <subfield code="a">VIVIENDAS</subfield>
    <subfield code="x">VALORACI&#xD3;N</subfield>
  </datafield>
  <datafield tag="650" ind1="2" ind2="4">
    <subfield code="a">BIENES INMUEBLES</subfield>
    <subfield code="x">VALORACI&#xD3;N</subfield>
  </datafield>
  <datafield tag="650" ind1="3" ind2="4">
    <subfield code="a">BIENES RAICES</subfield>
    <subfield code="x">VALORACI&#xD3;N</subfield>
  </datafield>
  <datafield tag="942" ind1=" " ind2=" ">
    <subfield code="c">LB</subfield>
    <subfield code="2">lcc</subfield>
  </datafield>
</record>
